00669nam a2200181Ia 4500999001700000082001200017100001700029245007400046260007100120300001200191504004100203650003300244650002200277650004100299710001600340942001200356952011900368 c14175d14175 aTR.0403 aRajesh Kumar 0aFinancial management practices in India: an inter-industry comparison c2008bGuru Jambheshwar University of Science and Technology, Hisar axi, 193 aincludes appendices and bibliography aIndustrial managementzIndia aIndustrieszIndia aBusiness enterprisesvFinancezIndia aBodla, B.S. cTH2ddc 00104070aNASSDOCbNASSDOCd2012-02-23eAUTHi2011-12-05l0oTR.0403p47470r2019-04-18 00:00:00w2019-04-18yTH